| 000 | 00645nam a2200217 u 4500 | ||
|---|---|---|---|
| 005 | 20240419063940.0 | ||
| 008 | 111011s1994 mx r 000 0 spa d | ||
| 020 | _a9684038062 (10 dígitos) | ||
| 020 | _a9789684038066 (13 dígitos) | ||
| 035 | _aUPN01000182163 | ||
| 049 | _aI | ||
| 050 | 4 |
_aGV1507 W8 _bM8.6 |
|
| 100 | 1 |
_aMurray Prisant, Guillermo, _d1957- _931523 |
|
| 245 | 1 | 0 |
_aPablito clavó un clavito / _cGuillermo Murray. |
| 260 |
_aMéxico : _bSelector, _cc1994. |
||
| 300 |
_a121 p. : _bil. |
||
| 650 | 4 |
_aJUEGOS DE PALABRAS _912219 |
|
| 650 | 7 |
_aTrabalenguas _2 _913314 |
|
| 650 | 4 |
_aJuegos infantiles _96445 |
|
| 905 | _aInfantil | ||
| 999 |
_c154266 _d154266 |
||